La última mujer y el próximo combate /

Uloženo v:
Podrobná bibliografie
Hlavní autor: Cofiño López, Manuel, 1936-
Médium: Neznámo
Jazyk:Spanish
Vydáno: Cuba : Editorial de Arte y Literatura, 1975.
Témata:
Tagy: Přidat tag
Žádné tagy, Buďte první, kdo vytvoří štítek k tomuto záznamu!

MARC

LEADER 000000000a22000000004500
001 002764
041 0 |a spa 
082 0 4 |a Cu863.4   |b C675u 
100 1 |a Cofiño López, Manuel,   |b 1936- 
245 1 3 |a La última mujer y el próximo combate /   |c Manuel Cofiño López. 
260 1 |a Cuba :   |b Editorial de Arte y Literatura,   |c 1975. 
300 |a 303 páginas 
650 4 |a LITERATURA CUBANA 
650 4 |a NOVELA 
999 |c 9122  |d 9122 
942 |c BK  |h Cu863.4 C675u  |2 z